[Event "KAZ-ch U18 Girls"]
[Site "Ak Bulak"]
[Date "2022.03.21"]
[Round "2"]
[White "Kurmangaliyeva, Liya"]
[Black "Bratkova, Anna"]
[Result "1-0"]
[WhiteElo "2146"]
[BlackElo "1327"]
[PlyCount "109"]
[EventDate "2022.03.20"]
[EventType "swiss"]
[EventRounds "8"]
[EventCountry "KAZ"]
[SourceTitle "EXT 2023"]
[Source "ChessBase"]
[SourceDate "2022.10.05"]
[SourceVersion "1"]
[SourceVersionDate "2022.10.05"]
[SourceQuality "1"]

1. d4 d5 2. c4 e6 3. Nf3 c5 4. cxd5 exd5 5. Nc3 Nc6 6. g3 Nf6 7. Bg2 h6 8. 0-0 Be7 9. dxc5 Bxc5 10. Na4 Be7 11. Be3 0-0 12. Rc1 Qa5 13. a3 Rd8 14. Bc5 b5 15. Bxe7 Nxe7 16. Nc5 Ne4 17. Nd4 Qb6 18. Qc2 Nf5 19. Ndb3 Nf6 20. Rfd1 Be6 21. Nxe6 fxe6 22. Qc6 Rab8 23. Qxb6 Rxb6 24. Rc7 a6 25. e4 Nd6 26. exd5 Nde8 27. Rc5 Rbd6 28. Na5 R8d7 29. Bh3 Nc7 30. Nc6 Rxd5 31. Rdxd5 Nfxd5 32. Rxd5 Rxd5 33. Bxe6+ Nxe6 34. Ne7+ Kf7 35. Nxd5 Nd4 36. f4 a5 37. Kf2 Ke6 38. Ne3 Kd6 39. Nd1 b4 40. axb4 axb4 41. Ke3 Kd5 42. Kd3 Nf3 43. Ne3+ Kc5 44. h4 Nd4 45. h5 b3 46. g4 Ne6 47. Ke4 Kd6 48. Nf5+ Kc6 49. Nd4+ Nxd4 50. Kxd4 Kd6 51. g5 Ke6 52. Ke4 Kf7 53. Kf5 hxg5 54. fxg5 Kf8 55. Ke4 1-0